| 000 | 01121nam a22003497a 4500 | ||
|---|---|---|---|
| 003 | CHAP | ||
| 005 | 20220329140700.0 | ||
| 008 | 971013s1976 r 00010 d | ||
| 010 | _a55968 | ||
| 011 | _a56940 | ||
| 035 | _a61093 | ||
| 040 | _cCHAP | ||
| 090 | _aFolleto 4038y | ||
| 100 | 0 | 0 |
_aZandastra, H. G. _9123609 |
| 245 | 1 | 0 | _aVenciendo las limitaciones a la producción del pequeño agricultor |
| 260 |
_aOttawa : _bInternational Development Centre, _c(1976) |
||
| 300 |
_a32 p. _b: ilus. |
||
| 490 |
_aIDRC _v; 058 |
||
| 590 |
_aBATCH-UPD _b10 _c20130110 _lUCH01 _h0659 |
||
| 590 |
_aBATCH-UPD _b10 _c20130110 _lUCH01 _h2346 |
||
| 590 |
_aBATCH-UPD _b10 _c20130410 _lUCH01 _h0344 |
||
| 590 |
_aBATCH-UPD _b10 _c20130914 _lUCH01 _h1629 |
||
| 590 |
_aCONVERSION _b10 _c20130109 _lUCH01 _h1330 |
||
| 650 | 1 | 4 |
_aColombia _xCondiciones rurales. _925363 |
| 650 | 1 | 4 |
_aPolítica agrícola _xColombia. _990305 |
| 700 | 0 |
_aSwanberg, H. C. _9110856 |
|
| 700 | 0 |
_aZulberti, Carlos. _9124274 |
|
| 830 | 0 |
_aIDRC _v; 058 _957298 |
|
| 901 | _aBK | ||
| 942 | _cFOLL | ||
| 949 |
_aFolleto 4038y _bBC _cFOLL _d-131377 _eTS1 _i61093 _mD _si |
||
| 999 |
_c55968 _d55968 |
||